000 01545nam a22003137a 4500
005 20080918163843.0
008 080918t xxu||||| |||| 00| 0 mar d
010 _aMAR-20842
020 _c160.00
035 _aMR-13500
037 _bDBAD / PUB
040 _aDPL
_bMAR
082 _a891.463
100 _9747
_aखान, अ.नि.
245 _aभरजरी भुतावळ आणि खानदान /
_cअ.नि. खान
246 _aBharjali Bhutawal Aani Khandan
_bby Ahamad nijam Khan
260 _aपुणे
_bअक्षर मानव प्रकाशन
_c2009
270 _a959, पवनपुत्र, दुसरा मजला, शिवाजी रस्ता, राष्ट्रभूषण चोक, शुक्रवार पेठ
_bपुणे
_e411002
300 _a180पृ.
_c22सेमी (अजिल्द)
650 _9697
650 _9698
700 _927881
_aसबाने, अरूणा
700 _927882
700 _927883
942 _2ddc
_cHN
_mखानअ
_h891.463
999 _c52455
_d52455